| 000 | 00901nam a22002177a 4500 | ||
|---|---|---|---|
| 003 | OSt | ||
| 005 | 20250917092251.0 | ||
| 008 | 240228b ||||| |||| 00| 0 eng d | ||
| 040 | _c0 | ||
| 082 | _aDPer 621.317 Ie21 June 2022 v. 37 n. 6 | ||
| 100 |
_aYang, Ningrui. _eauthor. _953701 |
||
| 245 |
_aAnalysis and design of an isolated high step-up converter without voltage-drop / _cNingrui Yang, Jun Zeng, Renjun Hu, and Junfeng Liu. |
||
| 260 |
_aNew York ; _bThe Institute of Electrical and Electronics Engineers, Inc. , _cJune 2022. |
||
| 300 |
_aVolume 37, pages 6939-6950 : _billustration ; _c29 cm. |
||
| 500 | _aIEEE Transactions on Power Electronics, vol. 37, no. 6, pages 6939-6950, June 2022. | ||
| 700 |
_aYang, Ningrui. _eauthor. _953701 |
||
| 700 |
_aZeng, Jun. _eauthor. _953702 |
||
| 700 |
_aHu, Renjun. _eauthor. _953703 |
||
| 700 |
_aLiu, Junfeng. _eauthor. _953704 |
||
| 942 |
_2ddc _cPER |
||
| 999 |
_c19440 _d19440 |
||